Saps com estalviar energia? : consells per estalviar energia elèctrica a casa consells per estalviar energia elèctrica a casa
Publicado:
Barcelona :
Diputació de Barcelona : Generalitat de Catalunya. Institut Català d’Energia ,
2013
Descripción Física:
1 díptic : il. ; 15 x 21 cm
MARC
| LEADER | 00000nam a2200000Ia 4500 | ||
|---|---|---|---|
| 001 | 24050 | ||
| 008 | 160829s2013 xx 000 0 cat d | ||
| 080 | |a FU-64-20 | ||
| 245 | |a Saps com estalviar energia? : |b consells per estalviar energia elèctrica a casa | ||
| 260 | |a Barcelona : |b Diputació de Barcelona : |b Generalitat de Catalunya. Institut Català d’Energia, |c 2013 | ||
| 300 | |a 1 díptic : |b il. ; |c 15 x 21 cm | ||
| 650 | 0 | |a Energia |x Estalvi |z Barcelona (Província) |9 49846 | |
| 710 | 1 | |a Barcelona (Catalunya : Província). |b Diputació |9 52408 | |
| 710 | 2 | |a Institut Català d'Energia |9 53621 | |
| 901 | |a Arxiu | ||
| 942 | |n 1 | ||
| 952 | |0 0 |1 0 |4 0 |6 FU6420 |7 1 |9 55238 |a Arxiu |b Arxiu |d 2016-12-01 |l 0 |o FU-64-20 |p 24050 |r 2016-12-01 00:00:00 |w 2016-12-01 |y ARXIU | ||
| 999 | |c 59110 |d 59110 | ||